ស្លាប / (Record no. 1717)

MARC details
000 -LEADER
fixed length control field 01652nam a22003017a 4500
001 - CONTROL NUMBER
control field 1717
003 - CONTROL NUMBER IDENTIFIER
control field FISKH
005 - DATE AND TIME OF LATEST TRANSACTION
control field 20250904083018.0
008 - FIXED-LENGTH DATA ELEMENTS--GENERAL INFORMATION
fixed length control field 230919b cb ||||| |||| 00| 0 khr d
020 ## - INTERNATIONAL STANDARD BOOK NUMBER
International Standard Book Number 9789996305986
040 ## - CATALOGING SOURCE
Original cataloging agency FISKH
Language of cataloging eng
Transcribing agency FISKH
Modifying agency FISKH
082 ## - DEWEY DECIMAL CLASSIFICATION NUMBER
Classification number 629.04
100 ## - MAIN ENTRY--PERSONAL NAME
Personal name Wenxuan, Cao
245 ## - TITLE STATEMENT
Title ស្លាប /
Statement of responsibility, etc. និពន្ធដោយ កៅ វេស៊ន់ - គូររូដោយ រ៉ចឺរ ម៉េលឡូ - បកប្រែពីភាសាអង់គ្លេសដោយ ប៊ុត សុផល
250 ## - EDITION STATEMENT
Edition statement បោះពុម្ពលើកទី ២ វិច្ឆិកា ២០១៨
260 ## - PUBLICATION, DISTRIBUTION, ETC.
Place of publication, distribution, etc. Phnom Penh :
Name of publisher, distributor, etc. Sipar,
Date of publication, distribution, etc. 2018.
300 ## - PHYSICAL DESCRIPTION
Extent 38 pages :
Other physical details color illustrations ;
Dimensions 17 × 30 cm
505 ## - FORMATTED CONTENTS NOTE
Formatted contents note J<br/>
520 ## - SUMMARY, ETC.
Summary, etc. ស្លាបមួយត្រូវបានទាញឡើងដោយខ្យល់។ សត្វស្លាបនេះចង់ដឹងថាវាមកពីណា? វាតែងតែសួរសត្វស្លាបទាំងអស់ដែលជួបសំណួរដូចគ្នា "តើខ្ញុំជារបស់អ្នកទេ?"
520 ## - SUMMARY, ETC.
Summary, etc. A feather was picked up by the wind. This feather wants to know what bird it comes from. It always asks all the birds that meets the same question “Am I yours?”.
521 8# - TARGET AUDIENCE NOTE
Target audience note 500<br/>
Source Lexile estimate <br/>
521 8# - TARGET AUDIENCE NOTE
Target audience note J<br/>
Source Raz-Plus <br/>
650 ## - SUBJECT ADDED ENTRY--TOPICAL TERM
Topical term or geographic name entry element ស្លាប
Form subdivision សត្វស្លាប
General subdivision ទាញ
650 ## - SUBJECT ADDED ENTRY--TOPICAL TERM
Topical term or geographic name entry element Wing
Form subdivision Pick up
General subdivision Bird
700 ## - ADDED ENTRY--PERSONAL NAME
Personal name Mello, Roger
Relator term illustrator
700 ## - ADDED ENTRY--PERSONAL NAME
Personal name Sophal, Bot
Relator term Translator
942 ## - ADDED ENTRY ELEMENTS (KOHA)
Source of classification or shelving scheme Dewey Decimal Classification
Koha item type Khmer Books
Suppress in OPAC No
Holdings
Withdrawn status Lost status Source of classification or shelving scheme Damaged status Not for loan Collection Home library Current library Shelving location Date acquired Total Checkouts Full call number Barcode Date last seen Copy number Price effective from Koha item type Date last checked out
    Dewey Decimal Classification     Khmer Language Books / សៀវភៅភាសាខ្មែរ Footprints International School Library Network Toul Kork Campus Footprints International School Library Network Toul Kork Campus TK Campus, Room B402, Khmer Book Case 16, Shelves 112-123 / ទូរសៀវភៅខ្មែរលេខ ១៦​ ធ្នើរ ១១២ ដល់ ១២៣ បន្ទប់ B402 សាខាទួលគោក 09/19/2023 1 WEN 629.04 2023-0664 09/29/2025 2 09/19/2023 Khmer Books 06/30/2025
    Dewey Decimal Classification     Khmer Language Books / សៀវភៅភាសាខ្មែរ Footprints International School Library Network Toul Kork Campus Footprints International School Library Network Toul Kork Campus TK Campus, Room B402, Khmer Book Case 16, Shelves 112-123 / ទូរសៀវភៅខ្មែរលេខ ១៦​ ធ្នើរ ១១២ ដល់ ១២៣ បន្ទប់ B402 សាខាទួលគោក 09/19/2023 1 WEN 629.04 FISBK072065 09/29/2025 4 09/19/2023 Khmer Books 06/30/2025
    Dewey Decimal Classification     Khmer Language Books / សៀវភៅភាសាខ្មែរ Footprints International School Library Network Toul Kork Campus Footprints International School Library Network Toul Kork Campus TK Old Khmer Books (Rear Hallway Shelf 3) 06/27/2024   WEN 629.04 FISTK05317 06/27/2024 5 06/27/2024 Khmer Books  
    Dewey Decimal Classification     Khmer Language Books / សៀវភៅភាសាខ្មែរ Footprints International School Library Network Toul Kork Campus Footprints International School Library Network Toul Kork Campus TK Old Khmer Books (Rear Hallway Shelf 3) 06/27/2024   WEN 629.04 FISBK072086 06/27/2024 6 06/27/2024 Khmer Books  
    Dewey Decimal Classification     Khmer Language Books / សៀវភៅភាសាខ្មែរ Footprints International School Library Network Toul Tom Poung Campus Footprints International School Library Network Toul Tom Poung Campus TTP Primary Khmer Bookshelves 09/19/2023   WEN 629.04 2023-0663 09/19/2023 1 09/19/2023 Khmer Books  
    Dewey Decimal Classification     Khmer Language Books / សៀវភៅភាសាខ្មែរ Footprints International School Library Network Toul Tom Poung Campus Footprints International School Library Network Toul Tom Poung Campus TTP Primary Khmer Bookshelves 09/19/2023   WEN 629.04 FISTK05318 10/10/2023 3 09/19/2023 Khmer Books  
    Dewey Decimal Classification     Khmer Language Books / សៀវភៅភាសាខ្មែរ Footprints International School Library Network Toul Tom Poung Campus Footprints International School Library Network Toul Tom Poung Campus TTP Primary Khmer Bookshelves 09/11/2025   WEN 629.04 FIS04533 09/11/2025 7 09/11/2025 Khmer Books  
    Dewey Decimal Classification     Khmer Language Books / សៀវភៅភាសាខ្មែរ Footprints International School Library Network Toul Tom Poung Campus Footprints International School Library Network Toul Tom Poung Campus TTP Primary Khmer Bookshelves 11/11/2025   WEN 629.04 FIS04598 11/11/2025 8 11/11/2025 Khmer Books